<?xml version="1.0" encoding="UTF-8"?><?xml-stylesheet type="text/xsl" href="static/style.xsl"?><OAI-PMH xmlns="http://www.openarchives.org/OAI/2.0/" xmlns:xsi="http://www.w3.org/2001/XMLSchema-instance" xsi:schemaLocation="http://www.openarchives.org/OAI/2.0/ http://www.openarchives.org/OAI/2.0/OAI-PMH.xsd"><responseDate>2026-06-01T07:52:43Z</responseDate><request verb="GetRecord" identifier="oai:riuma.uma.es:10630/34806" metadataPrefix="marc">https://riuma.uma.es/rest/oai/request</request><GetRecord><record><header><identifier>oai:riuma.uma.es:10630/34806</identifier><datestamp>2026-02-03T11:38:17Z</datestamp><setSpec>com_10630_2254</setSpec><setSpec>col_10630_37956</setSpec></header><metadata><record xmlns="http://www.loc.gov/MARC21/slim" xmlns:dcterms="http://purl.org/dc/terms/" xmlns:doc="http://www.lyncode.com/xoai" xmlns:xsi="http://www.w3.org/2001/XMLSchema-instance" xsi:schemaLocation="http://www.loc.gov/MARC21/slim http://www.loc.gov/standards/marcxml/schema/MARC21slim.xsd">
   <leader>00925njm 22002777a 4500</leader>
   <datafield ind2=" " ind1=" " tag="042">
      <subfield code="a">dc</subfield>
   </datafield>
   <datafield ind2=" " ind1=" " tag="720">
      <subfield code="a">Baquero Aguilar, Jorge</subfield>
      <subfield code="e">author</subfield>
   </datafield>
   <datafield ind2=" " ind1=" " tag="260">
      <subfield code="c">2021</subfield>
   </datafield>
   <datafield ind2=" " ind1=" " tag="520">
      <subfield code="a">A lo largo de este trabajo de investigación analizaremos su anterior regulación tanto a nivel internacional como nacional y autonómico, los niveles de implantación antes de la crisis sanitaria, las medias adoptadas durante el Estado de Alarma, la regulación durante ese período por parte de algunas Administraciones como medida de hacer frente a dicha crisis; así como el itinerario negociatorio hasta la introducción del marco regulatorio en el ámbito del empleo público de nuestro país. Apuntaremos también el resto de medidas adoptadas por parte del ejecutivo en relación tanto al impulso de la digitalización como de la inteligencia artificial en aras de modernizar nuestras instituciones de forma alineada con la estrategia digital de la Unión Europea y de hacer frente a la ignota situación provocada por la COVID-19.</subfield>
   </datafield>
   <datafield ind1="8" ind2=" " tag="024">
      <subfield code="a">BAQUERO AGUILAR, J. "La regulación del teletrabajo en la función pública", en Innovación tecnológica, cambio social y sistema de relaciones laborales: Nuevos paradigmas para comprender el derecho del trabajo del siglo XXI, José Luis Monereo Pérez (dir.), Francisco Vila Tierno (dir.), Marco Esposito (dir.), Salvador Perán Quesada (dir.), Granada, Editorial Comares, 2021, págs. 897-928.</subfield>
   </datafield>
   <datafield ind1="8" ind2=" " tag="024">
      <subfield code="a">978-84-1369-221-0</subfield>
   </datafield>
   <datafield ind1="8" ind2=" " tag="024">
      <subfield code="a">https://hdl.handle.net/10630/34806</subfield>
   </datafield>
   <datafield tag="653" ind2=" " ind1=" ">
      <subfield code="a">Administración pública - Personal</subfield>
   </datafield>
   <datafield tag="653" ind2=" " ind1=" ">
      <subfield code="a">Funcionarios - España</subfield>
   </datafield>
   <datafield ind2="0" ind1="0" tag="245">
      <subfield code="a">La regulación del teletrabajo en la función pública.</subfield>
   </datafield>
</record>
</metadata></record></GetRecord></OAI-PMH>